It's my life / (Record no. 29397)
[ view plain ]
| 000 -LEADER | |
|---|---|
| fixed length control field | 00747nam a2200217 a 4500 |
| 005 - DATE AND TIME OF LATEST TRANSACTION | |
| control field | 2009082100090.0 |
| 008 - FIXED-LENGTH DATA ELEMENTS--GENERAL INFORMATION | |
| fixed length control field | 981001s1998 ii b 000 0 eng |
| 010 ## - LCCN (DPL NO) | |
| LC control number | ENG-94797 |
| 020 ## - INTERNATIONAL STANDARD BOOK NUMBER | |
| Terms of availability | 310.00 |
| International Standard Book Number | 9788190695619 |
| 035 ## - SYSTEM CONTROL NUMBER | |
| System control number | EN-78330 |
| 037 ## - SOURCE OF ACQUISITION | |
| Source of stock number/acquisition | DBAD / PUB |
| 040 ## - CATALOGING SOURCE | |
| Original cataloging agency | dpl |
| Language of cataloging | English |
| 082 ## - DEWEY DECIMAL CLASSIFICATION NUMBER | |
| Classification number | 888 |
| 100 ## - MAIN ENTRY--PERSONAL NAME | |
| Personal name | Karol, Madhvi |
| 245 ## - TITLE STATEMENT | |
| Title | It's my life / |
| Statement of responsibility, etc | by Madhvi Karol |
| 260 ## - PUBLICATION, DISTRIBUTION, ETC. (IMPRINT) | |
| Place of publication, distribution, etc | Vadodara |
| Name of publisher, distributor, etc | Indian Age Communication |
| Date of publication, distribution, etc | 2008 |
| 270 ## - ADDRESS | |
| Address | 201, Kalapi Chambers, Opp. Novino, Makarpura, |
| City | Vadodara |
| Postal code | 390010 |
| 300 ## - PHYSICAL DESCRIPTION | |
| Extent | 247p. |
| Dimensions | 21cm(pbk) |
| 942 ## - ADDED ENTRY ELEMENTS (KOHA) | |
| Source of classification or shelving scheme | Dewey Decimal Classification |
| Item type | English Books |
| Call number suffix | KAR |
| Classification part | 888 |
| Withdrawn status | Lost status | Source of classification or shelving scheme | Damaged status | Not for loan | Home library | Current library | Date acquired | Source of acquisition | Cost, normal purchase price | Total Checkouts | Full call number | Barcode | Date last seen | Copy number | Cost, replacement price | Koha item type |
|---|---|---|---|---|---|---|---|---|---|---|---|---|---|---|---|---|
| Dewey Decimal Classification | Not For Loan | D.B.Act.Division | D.B.Act.Division | 21/08/2009 | DBAD / PUB | 310.00 | 888 KAR | EN-78330 | 21/08/2009 | 1 | 310.00 | English Books |
